VALİDE SULTANLAR VE HAREM (Record no. 688019)

MARC details
000 -LEADER
sabit uzunluktaki kontrol alanı 00257nam a2200097Ia 4500
001 - KONTROL NUMARASI
kontrol alanı 688019
005 - EN SON İŞLEMİN TARİH VE ZAMANI
kontrol alanı 20250826161607.0
008 - SABİT-UZUNLUKTA VERİ ÖĞELERİ--GENEL BİLGİ
sabit uzunluktaki kontrol alanı 250824s9999 xx 000 0 und d
245 #0 - ESER / YAZAR
ESER ADI VALİDE SULTANLAR VE HAREM
Yazar Adı AHMET ŞİMŞİRGİL
260 ## - YAYIN, DAĞITIM, VB.
YAYIN EVİ TİMAŞ YAYINLARI
Holdings
Düşüm durumu Kayıp durumu Hasar Durumu Ödünç verilmez Ana kütüphane Geçerli Kütüphane Edinilen tarih Toplam ödünç verme sayısı Barkod İade tarihi Son görüntüleme tarihi Son ödünç verme tarihi Fiyatın geçerli olmaya başladığı tarih Koha materyal türü
        KEMAL AKPINAR İMAM HATİP ORTAOKULU KEMAL AKPINAR İMAM HATİP ORTAOKULU 24.08.2025 2 10281097 07.05.2026 22.04.2026 22.04.2026 26.08.2025 Books